000
00331nam a22001457a 4500
020
_a
81-7649-168-3
082
_a
001
_b
SMO/F
100
_a
SMOLINSKI, JILL
245
_a
THE FIRST- TIMER'S GUIDE TO ORIGAMI
260
_a
DELHI
_b
VIVA BOOKS
300
_a
80
520
_a
SCIENCE QUIZ
650
_a
SCIENCE QUIZ
_z
DELHI
942
_c
BK
999
_c
5984
_d
5984